00535nam a2200205 a 4500001001300000003000900013005001700022008004100039020000900080082001600089100001400105245007800119260003700197300000900234500003500243505001000278650001600288650001100304700001400315nice12345678IN_TiNIC20260116012619.0050524s1979 dela grp 000 0 eng  ac4000a954.87bDHA aDhar, G N aAuthentic Memoirs of Tipoo Sultan By an Officer in the East India Service aDelhibTakshila Hardboundsc1979 a120p aincludes index and biblioraphy2 aIndex aTipu Sultan aMysore1 aDhar, G N